Estados brasileiros e suas capitais - Statistics

Estatísticas Gerais
  • Esse quiz foi jogado 80 vezes
  • A pontuação média é 23 de 27
Estatísticas das Respostas
Imagem Resposta % Correto
Rio de Janeiro (Rio de Janeiro)
95%
Salvador (Bahia)
95%
São Paulo (São Paulo)
95%
Rio Branco (Acre)
93%
Belo Horizonte (Minas Gerais)
91%
Curitiba (Paraná)
91%
Florianópolis (Santa Catarina)
91%
Goiânia (Goiás)
89%
Macapá (Amapá)
89%
Vitória (Espírito Santo)
89%
Brasília (Distrito Federal)
88%
Fortaleza (Ceará)
88%
Porto Alegre (Rio Grande do Norte)
88%
Recife (Pernambuco)
88%
Belém (Pará)
86%
Cuiabá (Mato Grosso)
86%
Campo Grande (Mato Grosso do Sul)
84%
Manaus (Amazonas)
84%
João Pessoa (Paraíba)
82%
Natal (Rio Grande do Norte)
82%
Palmas (Tocantins)
82%
Boa Vista (Roraima)
81%
Maceió (Alagoas)
81%
Teresina (Piauí)
79%
São Luís (Maranhão)
77%
Porto Velho (Rondônia)
74%
Aracaju (Sergipe)
72%
Nenhum quiz correspondente encontrado
Distribuição das Pontuações
Porcentagem de Pessoas com Cada Pontuação
Percentil de Números Respondidos
Sua Pontuação Histórica
Você não jogou esse quiz